书目信息 |
| 题名: |
作家海明威的生活剪贴簿
|
|
| 作者: | 卡塔基斯 著 ;王茗一 译 | |
| 分册: | ||
| 出版信息: | 南京 江苏凤凰文艺出版社 2020 |
|
| 页数: | 19, 247页, [13] 页图版 | |
| 开本: | 24cm | |
| 丛书名: | ||
| 单 册: | ||
| 中图分类: | K837.125.6=533 , K837.125.6 | |
| 科图分类: | ||
| 主题词: | 作家--zuo jia--生平事迹--美国--现代 | |
| 电子资源: | ||
| ISBN: | 978-7-5594-3856-0 | |
| 000 | 01120nam0 2200277 450 | |
| 001 | 2165467380 | |
| 005 | 20211113180802.22 | |
| 010 | @a978-7-5594-3856-0@b精装@dCNY98.00 | |
| 100 | @a20200812d2020 em y0chiy50 ea | |
| 101 | 1 | @achi@ceng |
| 102 | @aCN@b320000 | |
| 105 | @aa z 000yd | |
| 200 | 1 | @a作家海明威的生活剪贴簿@Azuo jia hai ming wei de sheng huo jian tie bu@e来自肯尼迪总统图书馆的权威收藏@f(美) 迈克尔·卡塔基斯著@g王茗一译 |
| 210 | @a南京@c江苏凤凰文艺出版社@d2020 | |
| 215 | @a19, 247页, [13] 页图版@c图 (部分彩图)@d24cm | |
| 312 | @a书名原文取自版权页 | |
| 330 | @a本书通过海明威常用之器物、所见之瞬间、每日之思想,讲述了一位美国重要级偶像的故事,以此表达对作家海明威的敬意。 | |
| 500 | 10 | @aErnest Hemingway: artifacts from a life@mChinese |
| 600 | 1 | @a海明威@Ahai ming wei@g(Hemingway, Ernest),@f1899-1961@x生平事迹 |
| 606 | 0 | @a作家@Azuo jia@x生平事迹@y美国@z现代 |
| 690 | @aK837.125.6=533@v5 | |
| 690 | @aK837.125.6@v4 | |
| 701 | 1 | @a卡塔基斯@Aka ta ji si@g(Katakis, Michael)@4著 |
| 702 | 0 | @a王茗一@Awang ming yi@4译 |
| 801 | 0 | @aCN@bBP@c20200812 |
| 905 | @aZUCC@dK837.125.6@e21 | |
| 作家海明威的生活剪贴簿:来自肯尼迪总统图书馆的权威收藏/(美) 迈克尔·卡塔基斯著/王茗一译.-南京:江苏凤凰文艺出版社,2020 |
| 19, 247页, [13] 页图版:图 (部分彩图);24cm |
| ISBN 978-7-5594-3856-0(精装):CNY98.00 |
| 本书通过海明威常用之器物、所见之瞬间、每日之思想,讲述了一位美国重要级偶像的故事,以此表达对作家海明威的敬意。 |
| ● |
| 相关链接 |
|
|
|
正题名:作家海明威的生活剪贴簿
索取号:K837.125.6/21
 
预约/预借
| 序号 | 登录号 | 条形码 | 馆藏地/架位号 | 状态 | 备注 |
| 1 | 2000885056 | 2000885056 | 第三书库/ [索取号:K837.125.6/21] | 在馆 | |
| 2 | 2000885057 | 2000885057 | 第三书库/ [索取号:K837.125.6/21] | 在馆 | |
| 3 | 2000885058 | 2000885058 | 第三书库/ [索取号:K837.125.6/21] | 在馆 |